| 000 | 00512nam a22001937a 4500 | ||
|---|---|---|---|
| 005 | 20260515151354.0 | ||
| 008 | 260515b |||||||| |||| 00| 0 eng d | ||
| 020 |
_a9783642269905 _c6878.54 |
||
| 040 | _aMAIN | ||
| 041 | _aEnglish | ||
| 082 |
_a511.6 _bJUK |
||
| 100 |
_aJukna, Stasys _922812 |
||
| 245 |
_aExtremal Combinatorics _b: With Applications in Computer Science |
||
| 250 | _a2nd | ||
| 260 |
_aGermany _bSpringer _c2011 |
||
| 300 | _a405 | ||
| 650 |
_aMathematics (PM USHA) _926738 |
||
| 942 | _cBK | ||
| 999 |
_c60803 _d60803 |
||